000 00430nam a2200193Ia 4500
005 20250603145910.0
008 250603s9999 xx 000 0 und d
020 _a9780415371438
050 _aP 90 .B73/
100 _aBranston, Gill
245 4 _aThe media student’s book
250 _a4th ed.
260 _aNew York
260 _bRoutledge
260 _c2006
300 _a575 p
650 _aNew York
942 _cBK
999 _c43182
_d43182